1557 1392 1629 1368 1241 1832 1099 1106 1127 1790 1577 1888 1916 1270 1775 1625 1757 1779 1195 1848 1719 1720 1091 1131 1040 1513 1971 1627 1577 1543 1143 1683 1186 1285 1609 1818 1812 1145 1364 1121 1199 1022 1035 1054 1547 1964 1767 1589 1108 1334 1006 1045 1689 1722 1468 1459 1477 1837 1130 1124 1489 1366 1735 1209 1830 1562 1695 1654 1798 1438 1218 1934 1378 1207 1662 1185 1419 1406 1507 1998 1158 1171 1166 1237 1201 1231 1572 1114 1935 1458 1652 1747 1194 1225 1769 1037 1782 1781 1034 BCNSPRNW ULIB Ver.6.0+V

เปลี่ยนเป็นภาษาไทย

Change to English
 แสดงรายละเอียดบรรณานุกรม
  กลับหน้าหลัก

Brief Record : Get Marc (ISO 2709) : E-mail record : QR code < ปิดหน้าต่าง
LEADER : 00000nam 2200000uu 4500
001    13399122692
003     ULIB
008    130902s2552||||th 000 0 tha d
020    ^a9786167063034
050 04 ^aN5334^bศ721W
100 0  ^aศุภลักษณ์ สนธิชัย
245 10 ^aสุดยอดสิ่งมหัศจรรรย์ของโลก=^bWonder of the world /^cศุภลักษณ์ สนธิชัย
246 31 ^aWonder of the world
250    ^aพิมพ์ครั้งที่ 2
260    ^aกรุงเทพฯ :^bอทิตตา,^c2552
300    ^a277 หน้า ;^bภาพประกอบสี
650  7 ^aสิ่งมหัศจรรย์ ^xหนังสือภาพ
650  7 ^aประวัติศาสตร์ของโลก
945    ^p550^l0^i16622
995    ^aทศพร
999    ^aทศพร เกษรทอง
รายการนี้ยังไม่มีแท็ก
คุณยังไม่ได้ล็อกอิน คุณสามารถมีกิจกรรมร่วมกับเว็บไซต์ได้ แต่ต้องล็อกอินก่อน ::
  ล็อกอิน

รายการสื่อสารสนเทศ

ลำดับที่ ประเภท เลขเรียก/บาร์โค้ด สถานที่ สถานะ
1. การศึกษาทั่วไป
การศึกษาทั่วไป
N5334 ศ721W ฉ.1 
  Barcode: 16622
ห้องสมุดวิทยาเขตนครสวรรค์
►หนังสือทั่วไป:l:General Books
บนชั้น

รายการใกล้เคียง
    ผู้แต่ง [ศุภลักษณ์ สนธิชัย]

    หัวเรื่อง [สิ่งมหัศจรรย์ หนังสือภาพ]
    หัวเรื่อง [ประวัติศาสตร์ของโลก]

BibComment


ยังไม่เคยถูกคอมเมนท์

คอมเมนท์ทรัพยากรรายการนี้
  คอมเมนท์: สุดยอดสิ่งมหัศจร..


 Copyright 2026. Bcnsprnw @Library